千葉駅・京成千葉駅から出ている行き先 - Statistics

General Stats
  • This quiz has been taken 531 times
  • The average score is 40 of 48
Answer Stats
Answer % Correct
三鷹
97%
東京
97%
成田
96%
津田沼
95%
津田沼
95%
銚子
95%
銚子
95%
中野
94%
逗子
94%
木更津
94%
久里浜
93%
君津
93%
安房鴨川
93%
成田空港
93%
大船
92%
佐倉
92%
佐倉
92%
品川
91%
横須賀
91%
館山
90%
上総一ノ宮
90%
成東
88%
成東
88%
京成津田沼
88%
勝浦
86%
ちはら台
86%
大網
85%
茂原
83%
四街道
82%
東金
81%
鹿島神宮
81%
千葉みなと
81%
新宿
80%
誉田
80%
大原
77%
京成上野
77%
佐原
76%
上総湊
73%
八街
73%
県庁前
72%
千葉中央
71%
松戸
68%
姉ケ崎
67%
横芝
61%
千城台
60%
松本
54%
河口湖
44%
動物公園
40%
No matching quizzes found
Score Distribution
Percent of People with Each Score
Percentile by Number Answered
Your Score History
You have not taken this quiz